<?xml version="1.0" encoding="UTF-8"?><?xml-stylesheet type="text/xsl" href="static/style.xsl"?><OAI-PMH xmlns="http://www.openarchives.org/OAI/2.0/" xmlns:xsi="http://www.w3.org/2001/XMLSchema-instance" xsi:schemaLocation="http://www.openarchives.org/OAI/2.0/ http://www.openarchives.org/OAI/2.0/OAI-PMH.xsd"><responseDate>2026-04-29T07:25:13Z</responseDate><request verb="GetRecord" identifier="oai:repisalud.isciii.es:20.500.12105/10939" metadataPrefix="marc">https://repisalud.isciii.es/rest/oai/request</request><GetRecord><record><header><identifier>oai:repisalud.isciii.es:20.500.12105/10939</identifier><datestamp>2024-05-21T11:02:21Z</datestamp><setSpec>com_20.500.12105_2203</setSpec><setSpec>com_20.500.12105_2202</setSpec><setSpec>col_20.500.12105_19505</setSpec></header><metadata><record xmlns="http://www.loc.gov/MARC21/slim" xmlns:dcterms="http://purl.org/dc/terms/" xmlns:doc="http://www.lyncode.com/xoai" xmlns:xsi="http://www.w3.org/2001/XMLSchema-instance" xsi:schemaLocation="http://www.loc.gov/MARC21/slim http://www.loc.gov/standards/marcxml/schema/MARC21slim.xsd">
   <leader>00925njm 22002777a 4500</leader>
   <datafield ind2=" " ind1=" " tag="042">
      <subfield code="a">dc</subfield>
   </datafield>
   <datafield ind2=" " ind1=" " tag="720">
      <subfield code="a">Instituto de Salud Carlos III. Centro Nacional de Epidemiología</subfield>
      <subfield code="e">author</subfield>
   </datafield>
   <datafield ind2=" " ind1=" " tag="260">
      <subfield code="c">2018-11-25</subfield>
   </datafield>
   <datafield ind2=" " ind1=" " tag="520">
      <subfield code="a">Los indicadores de transmisibilidad señalan que la actividad gripal se encuentra en valores propios del
periodo pre-epidémico.
 En la semana 47/2018 la tasa global de incidencia de gripe es de 17,8 casos por 100.000 habitantes.
De las 83 muestras centinela enviadas para confirmación virológica esta semana, 3 han sido positivas para el virus de la gripe, lo que supone una tasa de detección viral del 3,6%.
De las detecciones centinelas notificadas desde el inicio de la temporada 2018-19 hasta el momento, el 100% son tipo A [71% de A(H1N1)pdm09 entre los subtipados].
Se identifican 105 detecciones de VRS entre las 746 muestras analizadas (tasa de detección 14%).
De los casos graves hospitalizados confirmados de gripe (CGHCG) notificados hasta el momento, el 75% son virus de la gripe A [100% A(H1N1)pdm09 entre los subtipados] y en el 25% B. El 57% de los CGHCG se registra en el grupo de mayores de 64 años, seguido del de 45 a 64 años (29%).
En la zona templada del hemisferio norte la actividad gripal se empieza a incrementar, aunque globalmente aún permanece baja. Aumentan las detecciones virales en algunos países del Sudeste Asiático y América Central. En la zona templada del hemisferio sur la actividad gripal ha vuelto a niveles de intertemporada. A nivel mundial, la mayoría de los virus de la gripe detectados son del tipo A, con predominio de A(H1N1)pdm09 entre los subtipados. En la semana 46/2018 la actividad gripal en Europa se mantuvo
baja, notificándose detecciones esporádicas de virus gripales entre las muestras centinela y no centinela analizadas, con predominio de tipo A, y de A(H1N1)pdm09 entre los subtipados.</subfield>
   </datafield>
   <datafield ind1="8" ind2=" " tag="024">
      <subfield code="a">http://hdl.handle.net/20.500.12105/10939</subfield>
   </datafield>
   <datafield tag="653" ind2=" " ind1=" ">
      <subfield code="a">Gripe</subfield>
   </datafield>
   <datafield tag="653" ind2=" " ind1=" ">
      <subfield code="a">Vigilancia Epidemiológica</subfield>
   </datafield>
   <datafield ind2="0" ind1="0" tag="245">
      <subfield code="a">Informe semanal de Vigilancia de la Gripe en España Semana 47/2018 (19 - 25 de noviembre 2018) Nº 558. 29 de noviembre de 2018</subfield>
   </datafield>
</record></metadata></record></GetRecord></OAI-PMH>